| 000 | 005270000a22001690004500 | ||
|---|---|---|---|
| 003 | MACL | ||
| 005 | 20160513152341.0 | ||
| 008 | 160513b xxu||||| |||| 00| 0 eng d | ||
| 040 |
_aMACL _cMACL |
||
| 082 | _a891.431 TAR | ||
| 100 |
_aतराई, पीताम्बर _956804 |
||
| 245 |
_aउत्तराधिकारी _cपीताम्बर तराई |
||
| 260 |
_bशबनम पुस्तक महल _c2003 |
||
| 350 | _a100 | ||
| 650 |
_aPoetry _956805 |
||
| 942 |
_cHIN _k891.434 _2ddc |
||
| 999 |
_c18208 _d18208 |
||